000 00512nam a2200169Ia 4500
999 _c27844
_d27844
003 OSt
005 20201216114555.0
008 190216s9999||||xx |||||||||||||| ||und||
040 _coclc
082 _a894.8121
_bKAR/G
100 _aKarunakaran, Thirunalloor
_97451
245 0 _aGreeshmasandhyakal /
_cThirunalloor Karunakaran
260 _bPrabhath Book House,
_aTiruvanathapuram:
_c1999.
300 _a115p
650 _aKavitha
942 _cBK
_2ddc
_h894.8121
_iKAR/G
_k894.8121
_mKAR/G